000 00629nam a22002297a 4500
003 UA-OsUOA
001 78476
007 ta
008 20111013b un ||||| |||| 00| 0 ukr d
100 _aЯн В.Г.
090 _a821.161.1
_bЯ60
942 _cBK
040 _aUA-OsUOA
_brus
_cUA-OsUOA
_dUA-OsUOA
245 _aСобрание сочинений в четырех томах
_bрассказы
_c1
300 _a559 с.
955 _a3
041 _arus
080 _a821.161.1
260 _aМ.
_bПравда
_c1989
650 7 _a82 Література. Літературознавство
_2UDC
999 _c364785
_d364785